akame ga kill-armes imperiales - Statistiques

Statistiques générales
  • Ce quiz a été pris 15 fois
  • Le résultat moyen est 14 sur 30
Statistiques - réponses
Par images Hint Réponse % Correct
la ceinture transmutalion: Lionelle
88%
l'armure démoniaque: Incursio
88%
le bazoo-canon: Pumpkin
88%
l'eclair: Susanoo
88%
le sabre empoisoné:Murasame
88%
l'incarnation d'Asura: Grand Chariot
88%
essayer "balzac";) Balzac
75%
le fil à usage infini: Cross Tail
75%
la furie de Raijin: Adramelech
63%
la marche des morts:Yatsufusa
63%
l'anneau du dragon d'eau: Black Marin
63%
le grand vol: Mastema
63%
les mains divines: Perfector
63%
le maquillage de métamorphose à volonté: Gaia Fondation
50%
les ciseaux coupe tout: Ecstasy
50%
la bete malefique métamorphe: Hécatonchire
38%
la grande hache séparable: Belvaac
38%
la mélodie des songes: Scream
38%
le marqueur dimensionel: Shambhala
38%
l'invitation au purgatoir: Rubicante
38%
l'apparition du dieu démon: Elixir Démoniaque
25%
le grand grondement: Heavy Pressure
25%
le livre complet du monde: Rongo Rongo
25%
les crocs imperiaux buveurs de sang :Absorbex
25%
les sphères du chaos: Die Leaguer
25%
la danse de la lune: Shamshir
13%
la restriction absolue: Erastone
0%
les 5 visions universelles: Spectator
0%
le teigu supreme: Shikutazer
0%
l'étrange mystère: Adayasu
0%
Aucun quiz correspondant
Distribution des résultats
% des personnes avec chaque résultat
Percentile par nombre de réponses
Votre historique - résultats
Vous n’avez pas pris ce quiz